Pediatric Swallowing and Feeding (Record no. 247032)

MARC details
000 -LEADER
fixed length control field 00541nam a2200205Ia 4500
008 - FIXED-LENGTH DATA ELEMENTS--GENERAL INFORMATION
fixed length control field 240913s9999||||xx |||||||||||||| ||und||
020 ## - INTERNATIONAL STANDARD BOOK NUMBER
International Standard Book Number 978-0-7693-0076-4
082 ## - DEWEY DECIMAL CLASSIFICATION NUMBER
-- 616.323 P2
100 ## - MAIN ENTRY--PERSONAL NAME
Personal name Arvedson,Joan C
245 #0 - TITLE STATEMENT
Title Pediatric Swallowing and Feeding
250 ## - EDITION STATEMENT
Edition statement 2nd
260 ## - PUBLICATION, DISTRIBUTION, ETC. (IMPRINT)
Date of publication, distribution, etc 2002
Name of publisher, distributor, etc Delmar Cengage Lea
500 ## - GENERAL NOTE
General note REFERENCE
650 ## - SUBJECT ADDED ENTRY--TOPICAL TERM
Topical term or geographic name as entry element Audiology Speech and Language Pathology
700 ## - ADDED ENTRY--PERSONAL NAME
Personal name Brodsky,Linda
942 ## - ADDED ENTRY ELEMENTS (KOHA)
Item type Reference
Holdings
Withdrawn status Lost status Damaged status Permanent location Current location Shelving location Date acquired Source of acquisition Cost, normal purchase price Full call number Barcode Date last seen Koha item type
      CENTRAL LIBRARY, NOORUL ISLAM CENTRE FOR HIGHER EDUCATION CENTRAL LIBRARY, NOORUL ISLAM CENTRE FOR HIGHER EDUCATION   02/05/2024 Amazon Online Book 6328.00 616.323 P2 83333 09/13/2024 Reference
Visitors:
Copyright © 2024 Central Library NICHE.  All rights reserved.